01301nam a2200205 450000500170000000800410001704000440005804100080010208200120011010000630012224201430018524501210032826000900044930000360053950003670057550500700094254600230101265000240103565000360105920171017165300.0171017b1930 fre |||fr|||| 001 f fre d aCO-BoUCMbspacSandra YazodSandra Yazo0 afre04220a8231 aBarbellion, W.N.P., d1889-1919qCummings, Bruce Frederick00aDiario de un hombre decepcionadocWilhelm Nero Pilate Barbellion ; Traducción francesa de Jean Duren. Introducción de H. G. Wellsyspa10aJournal d’un homme deçucW. N. P. Barbellion ; Traduction française de Jean Duren. Introduction de H. G. Wells aParís (Francia)bPayot ; Imprimerie R. Bussière [Imprenta de R. Bussière]c1930 a429, [1] páginasc18 x 12 cm. aDetalles físicos: Encuadernación rígida (holandesa) en cartón en forrado en papel jaspeado. Lomo de tela texturizada, con adornos en dorado. Guardas. Hoja de cortesía. Anteportada. Portada impresa en una sola tinta, con marca tipográfica de la editorial. Texto impreso en una columna. Notas de pie de página. Índice. Papel con dobleces en esquina0 aIntroducción ; Parte I - III: En casa ; En Londres ; Matrimonio aTexto en francés 7aLiteratura inglesa  7aNovela inglesa ySiglo XIX - XX